000
00213 a2200097 4500
001
14032
100
_a
Goldsmith
245
_a
The canterbury poets
260
_a
London
_b
Walter seot pubs
_c
090
_c
10989
_d
10989
942
_a
NUST-CAE
_c
M
_c
1101
999
_c
249105
_d
249105